00540nam a2200193Ia 450000500170000001000280001702000260004503500130007103500170008403700190010103700130012008200060013310000160013924500370015526000350019227000600022730000210028765000380030820150624155501.0 aBAC-EN21 ENG-111949 a9780143422808c499.00 aEN-95481 aB-580633-652 bAakar/Venadpl bDBAD/PUB aN aFreeman, Ru aOn sal mal lane /cby Ru Freeman c2014aNew DelhibPenguin Books a11 Community Centre, Panchsheel ParkbNew Delhie110017 c23cm(pbk)a388p. aConflict of generationsvFiction.